00515 2200181 4500001002100000005001500021008004100036020001800077035001900095041000700114082000900121090001900130100002000149245003500169260002700204300003000231650007200261INLIS00000000000659920241224113322241224||||||||| | ||| |||| || |  a9786029123043 0010-1224006599 aid0 aNONE a920.0598 SUJ m0 aSujiartiningsih00aMengambil Teladan sang Maestro bDangiang Pustakac2011 aviii+56hlm.; 17,6 x 25 cm 0aBiografi -- Puisi -- lukis -- tari -- bulu tangkis -- biola -- film